000 00770nmm a2200265 a 4500
003 AR-X00000XY
005 20251128211928.0
008 227020s2005 ||||||||||||||000 | spa||
040 _cAR-X00000XY
100 1 _aCervantes Saavedra, Miguel de
245 1 0 _aEl ingenioso hidalgo Don Quijote de La Mancha
_b[1608]
250 _aed. facsimilar
260 _aMéxico, D.F.
_bFrente de Afirmación Hispanista
_c2005
300 1 _axviii, [ca. 300 p.]
650 4 _aLITERATURA CLASICA
650 4 _aLITERATURA ESPANOLA
653 0 _aNOVELA DE CABALLERIA
653 0 _aNOVELA DE AVENTURAS
653 0 _aNOVELA DE PERSONAJE
653 0 _aNARRATIVA
655 _aLITERATURA
700 1 _aArias de la Canal, Fredo
_eprologuista
942 _cBK
998 _cNancy
999 _c21651
_d21651